| 000 -LEADER |
| fixed length control field |
00506nam a22001697a 4500 |
| 005 - DATE AND TIME OF LATEST TRANSACTION |
| control field |
20240823115136.0 |
| 008 - FIXED-LENGTH DATA ELEMENTS--GENERAL INFORMATION |
| fixed length control field |
240823c2001 enk||||| |||| 00| 0 eng d |
| 022 ## - INTERNATIONAL STANDARD SERIAL NUMBER |
| International Standard Serial Number |
0966 8373 |
| 041 ## - LANGUAGE CODE |
| Language code of text/sound track or separate title |
eng |
| 245 ## - TITLE STATEMENT |
| Title |
European Journal of Philosophy : |
| Remainder of title |
2001 / |
| Statement of responsibility, etc. |
Editor Robert Stern. |
| 260 ## - PUBLICATION, DISTRIBUTION, ETC. |
| Place of publication, distribution, etc. |
Norwich : |
| Name of publisher, distributor, etc. |
Blackwell, |
| Date of publication, distribution, etc. |
2001. |
| 300 ## - PHYSICAL DESCRIPTION |
| Extent |
V. |
| 653 ## - INDEX TERM--UNCONTROLLED |
| Uncontrolled term |
ფილოსოფია |
| 653 ## - INDEX TERM--UNCONTROLLED |
| Uncontrolled term |
პერიოდიკა |
| 700 ## - ADDED ENTRY--PERSONAL NAME |
| Personal name |
Stern, Robert |
| Relator term |
რედაქტორი |
| 9 (RLIN) |
23108 |
| 942 ## - ADDED ENTRY ELEMENTS (KOHA) |
| Source of classification or shelving scheme |
|
| Koha item type |
პერიოდიკა |